|
|
|
|
| LEADER |
00968nam a2200253 a 4500 |
| 001 |
4754 |
| 003 |
BD-DhAAL |
| 005 |
20151121091556.0 |
| 008 |
151121s1988 tnu 000 0 eng |
| 010 |
|
|
|a 87033802
|
| 020 |
|
|
|a 0553281828
|
| 020 |
|
|
|a 0840755295
|
| 040 |
|
|
|a DLC
|c DLC
|d DLC
|d BD-DhAAL
|
| 050 |
0 |
0 |
|a BV4598.3
|b .S39 1988
|
| 082 |
0 |
0 |
|a 158/.1
|2 19
|
| 100 |
1 |
|
|a Schuller, Robert H.
|q (Robert Harold),
|d 1926-2015.
|9 16418
|
| 245 |
1 |
0 |
|a Success is never ending, failure is never final /
|c Robert H. Schuller.
|
| 260 |
|
|
|a Nashville :
|a New York :
|b T. Nelson Publishers,
|b Bantam Books,
|c c1988.
|
| 300 |
|
|
|a 267 p. ;
|c 18 cm.
|
| 650 |
|
0 |
|a Success
|x Religious aspects
|x Christianity.
|9 12964
|
| 650 |
|
0 |
|a Christian life
|x Reformed authors.
|9 16419
|
| 942 |
|
|
|2 ddc
|c BK
|
| 999 |
|
|
|c 36257
|d 36257
|
| 952 |
|
|
|0 0
|1 0
|2 ddc
|4 0
|6 158_000000000000000__1_SCH
|7 0
|9 56996
|a SCL
|b SCL
|c GEN
|d 2015-11-21
|e Gift:
|g 375.00
|l 4
|m 12
|o 158.1 SCH
|p 3020004754
|r 2018-05-29
|s 2018-05-15
|t 1
|w 2015-11-21
|y BK
|